00277nam a2200121Ia 4500100002400000650002700024654000900051245002900060260002800089082001800117300000800135546001200143 aCheremisinoff N.P.  aElectrical Engineering aHeat aHeat transfer Handbook bJaico PubaBombayc1994 a621.4022bPAN a853 aENGLISH